Offenbarung Glaube uberlieferung Dogmatische prinzipienlehre
Պահպանված է:
| Հիմնական հեղինակ: | |
|---|---|
| Ձևաչափ: | Գիրք |
| Լեզու: | գերմաներեն |
| Հրապարակվել է: |
Münster
Peter Hunermann
1981
|
| Հրատարակություն: | 1a. ed |
| Խորագրեր: | |
| Ցուցիչներ: |
Ավելացրեք ցուցիչ
Չկան պիտակներ, Եղեք առաջինը, ով նշում է այս գրառումը!
|
MARC
| LEADER | 00000cam a2200000 a 4500 | ||
|---|---|---|---|
| 001 | UCE7886 | ||
| 003 | CL-VaPUC | ||
| 008 | 150710e19810000gw |||||||||||||||||ger|d | ||
| 082 | 0 | 4 | |a 230.04 |b HUN |2 21 |
| 100 | |a Hünermann, Peter |e author |9 591778 | ||
| 245 | 1 | 0 | |a Offenbarung Glaube uberlieferung Dogmatische prinzipienlehre |
| 250 | |a 1a. ed | ||
| 300 | |a 251 p | ||
| 942 | |c BK | ||
| 945 | |d 20150710 13:45:00 |a dcastane | ||
| 260 | |a Münster |b Peter Hunermann |c 1981 | ||
| 650 | 7 | |a DOCTRINA CRISTIANA |2 CL-VaPUC |9 339115 | |
| 650 | 7 | |a DOGMATISMO |2 CL-VaPUC |9 337265 | |
| 650 | 0 | |a Iglesia Católica |9 256114 | |
| 650 | 0 | |a Teología cristiana |9 308336 | |
| 583 | |a last modification |c 20150710 13:45:00 |k Rodrigo Vera | ||
| 999 | |c 359872 |d 359870 | ||
| 952 | |0 0 |1 0 |3 erb |4 0 |6 230_040000000000000_HUN_1981 |7 0 |8 A |9 469460 |a BIBTEO |b BIBTEO |e Casale Rolle, Carlos Ignacio, -2014 |i 5183413 |o 230.04 HUN 1981 |p 5183413 |r 2025-01-17 |w 2019-11-23 |y BK |z Catalogado en:20150710 |k ICR | ||